Gasto público social de las entidades territoriales (Registro nro. 137649)

Detalles MARC
000 -CABECERA
campo de control de longitud fija 00416nam a2200157Ia 4500
001 - NÚMERO DE CONTROL
campo de control 137649
003 - IDENTIFICADOR DEL NÚMERO DE CONTROL
campo de control 229719
005 - FECHA Y HORA DE LA ÚLTIMA TRANSACCIÓN
campo de control 20250304063123.0
008 - DATOS DE LONGITUD FIJA--INFORMACIÓN GENERAL
campo de control de longitud fija ||||||n9999 ||| || ||
100 ## - ENTRADA PRINCIPAL--NOMBRE DE PERSONA
Nombre de persona Saru, Alberto Luís
9 (RLIN) 168504
245 #0 - MENCIÓN DE TÍTULO
Título Gasto público social de las entidades territoriales
562 ## - NOTA DE IDENTIFICACIÓN DE LA COPIA Y VERSIÓN
Número de copias 2
650 #0 - PUNTO DE ACCESO ADICIONAL DE MATERIA--TÉRMINO DE MATERIA
Término de materia o nombre geográfico como elemento de entrada Entidades territoriales
9 (RLIN) 11999
650 #0 - PUNTO DE ACCESO ADICIONAL DE MATERIA--TÉRMINO DE MATERIA
Término de materia o nombre geográfico como elemento de entrada Gastos públicos
9 (RLIN) 5525
942 ## - ELEMENTOS DE PUNTO DE ACCESO ADICIONAL (KOHA)
Tipo de ítem Koha Tesis
Existencias
Estado de retiro Estado de pérdida Estado dañado No para préstamo Código de colección Localización permanente Ubicación/localización actual Coste, precio normal de compra Total de préstamos Signatura topográfica completa Código de barras Número de copia Tipo de ítem Koha
        Trabajos de Grado Bucaramanga - Sede Santander Bucaramanga - Sede Santander 0.00   SAN019 2012 SAN6043 1 Tesis
        Trabajos de Grado Bucaramanga - Sede Santander Bucaramanga - Sede Santander 0.00   SAN019 2012 SAN6044 2 Tesis